Language Quiz

Random Language or Letter Quiz

Out of Time Quiz Stats

Quiz Updated Jul 8, 2013

Also try: Three of a Kind
Challenge
Share
Tweet
Embed
Score 0/12 Timer 01:00
3 Plays Today
% Correct
I
99.3%
me
97.2%
mi
97.1%
ti
95.8%
it
90.9%
mite
89.4%
em
85.5%
met
77.5%
tie
70.2%
et
68.9%
emit
62.7%
item
49.2%

You're not logged in!

Compare scores with friends on all Sporcle quizzes.
Join for Free
OR
Log In

You Might Also Like...

Show Comments

Extras

Top Quizzes Today


Score Distribution

Your Account Isn't Verified!

In order to create a playlist on Sporcle, you need to verify the email address you used during registration. Go to your Sporcle Settings to finish the process.

Report this User

Report this user for behavior that violates our Community Guidelines.

Details: